[Event "Saint Louis Invitational-A 2019"]
[Site "Saint Louis"]
[Date "2019.11.22"]
[Round "2.4"]
[White "Hilby, Craig"]
[Black "Thavandiran, Shiyam"]
[Result "1/2-1/2"]
[WhiteElo "2414"]
[BlackElo "2409"]
[Annotator "ChessBase"]
[PlyCount "45"]
[EventDate "2019.11.21"]
[EventType "tourn"]
[EventCountry "USA"]
[SourceTitle "playchess.com"]
[Source "ChessBase"]
[SourceQuality "1"]
[TimeControl "5400+30"]

1. d4 {[%emt 0:00:00]} Nf6 {[%emt 0:05:14]} 2. c4 d6 {[%emt 0:02:50]} 3. Nc3 {[%emt 0:01:00]} Nbd7 {[%emt 0:02:58]} 4. Nf3 {[%emt 0:03:10]} g6 {[%emt 0:00:08]} 5. e4 {[%emt 0:04:16]} e5 6. Be2 {[%emt 0:01:36]} Bg7 {[%emt 0:00:47]} 7. O-O {[%emt 0:00:32]} O-O 8. Be3 {[%emt 0:01:05]} Ng4 {[%emt 0:08:13]} 9. Bg5 {[%emt 0:02:13]} f6 {[%emt 0:00:16]} 10. Bd2 {[%emt 0:20:45]} c6 {[%emt 0:34:15]} 11. d5 {[%emt 0:09:49]} Qe7 12. b4 f5 {[%emt 0:15:11]} 13. Bg5 {[%emt 0:09:00]} Ndf6 14. c5 {[%emt 0:08:22]} dxc5 {[%emt 0:07:14]} 15. d6 {[%emt 0:04:13]} Qe8 {[%emt 0:00:07]} 16. bxc5 {[%emt 0:01:12]} h6 {[%emt 0:02:48]} 17. Bc1 {[%emt 0:05:37]} fxe4 {[%emt 0:04:38]} 18. Ne1 {[%emt 0:02:04]} h5 {[%emt 0:00:34]} 19. Bg5 {[%emt 0:02:28]} Be6 {[%emt 0:01:26]} 20. h3 {[%emt 0:02:14]} Nh6 {[%emt 0:00:06]} 21. Bxf6 {[%emt 0:00:37]} Rxf6 {[%emt 0:01:46]} 22. Nxe4 {[%emt 0:00:46]} Rf4 {[%emt 0:00:05]} 23. Qc2 {[%emt 0:07:26]} 1/2-1/2

[Event "Saint Louis Invitational-A 2019"]
[Site "Saint Louis"]
[Date "2019.11.22"]
[Round "2.5"]
[White "Mishra, Abhimanyu"]
[Black "Yoo, Christopher Woojin"]
[Result "1/2-1/2"]
[WhiteElo "2396"]
[BlackElo "2449"]
[Annotator "ChessBase"]
[PlyCount "64"]
[EventDate "2019.11.21"]
[EventType "tourn"]
[EventCountry "USA"]
[SourceTitle "playchess.com"]
[Source "ChessBase"]
[SourceQuality "1"]
[TimeControl "5400+30"]

1. e4 {[%emt 0:00:00]} c5 {[%emt 0:00:26]} 2. Nf3 {[%emt 0:00:00]} d6 {[%emt 0:00:09]} 3. d4 {[%emt 0:00:00]} cxd4 {[%emt 0:00:05]} 4. Qxd4 {[%emt 0:00:00]} Nc6 {[%emt 0:00:05]} 5. Bb5 {[%emt 0:00:10]} Bd7 {[%emt 0:00:06]} 6. Qd3 {[%emt 0:00:26]} Nf6 {[%emt 0:00:09]} 7. c4 {[%emt 0:01:55]} g6 {[%emt 0:00:12]} 8. Nc3 {[%emt 0:02:35]} Bg7 {[%emt 0:00:13]} 9. O-O {[%emt 0:00:54]} O-O {[%emt 0:01:49]} 10. h3 {[%emt 0:03:34]} Nb4 {[%emt 0:01:22]} 11. Qe2 {[%emt 0:05:27]} a6 {[%emt 0:00:20]} 12. Bxd7 {[%emt 0:02:14]} Nxd7 {[%emt 0:01:54]} 13. Be3 {[%emt 0:09:24]} Bxc3 {[%emt 0:06:54]} 14. bxc3 {[%emt 0:00:11]} Nc6 {[%emt 0:00:04]} 15. Rab1 {[%emt 0:05:51]} Qc7 {[%emt 0:03:06]} 16. Nd2 {[%emt 0:04:52]} Rfc8 {[%emt 0:07:07]} 17. f4 {[%emt 0:07:25]} Na5 {[%emt 0:07:00]} 18. Rb4 {[%emt 0:07:32]} b5 {[%emt 0:07:22]} 19. Rfb1 {[%emt 0:10:39]} Nxc4 {[%emt 0:08:53]} 20. Nxc4 {[%emt 0:01:38]} bxc4 {[%emt 0:00:05]} 21. f5 {[%emt 0:07:33]} Rab8 {[%emt 0:06:42]} 22. Bd4 {[%emt 0:02:22]} Ne5 {[%emt 0:15:31]} 23. Rxb8 {[%emt 0:05:44]} Rxb8 {[%emt 0:00:04]} 24. Rxb8+ {[%emt 0:00:11]} Qxb8 {[%emt 0:00:04]} 25. Bxe5 {[%emt 0:01:50]} dxe5 {[%emt 0:02:36]} 26. fxg6 {[%emt 0:03:10]} hxg6 {[%emt 0:01:54]} 27. Qxc4 {[%emt 0:01:00]} Qb6+ {[%emt 0:00:56]} 28. Kh2 {[%emt 0:01:39]} Qe3 {[%emt 0:00:33]} 29. a4 {[%emt 0:01:20]} a5 {[%emt 0:01:18]} 30. Qc6 {[%emt 0:01:59]} Qf4+ {[%emt 0:01:31]} 31. Kh1 {[%emt 0:00:32]} Qf1+ {[%emt 0:00:39]} 32. Kh2 {[%emt 0:00:09]} Qf4+ {[%emt 0:00:07]} 1/2-1/2

[Event "Saint Louis Invitational-A 2019"]
[Site "Saint Louis"]
[Date "2019.11.22"]
[Round "3.1"]
[White "Yoo, Christopher Woojin"]
[Black "Matsenko, Sergei"]
[Result "1/2-1/2"]
[WhiteElo "2449"]
[BlackElo "2533"]
[Annotator "TA"]
[PlyCount "55"]
[EventDate "2019.11.21"]
[EventType "tourn"]
[EventCountry "USA"]
[SourceTitle "playchess.com"]
[Source "ChessBase"]
[SourceQuality "1"]

{[%evp 11,55,15,0,0,29,-8,11,-5,-10,-28,-15,-37,-31,-31,-31,-22,-22,-16,-7,-4,-12,-27,8,6,10,0,7,6,6,7,9,0,29,27,19,19,23,13,22,8,8,8,8,2,12,5]} 1. e4 e6 2. d4 d5 3. Nc3 Be7 4. exd5 exd5 5. Nf3 Nf6 6. Bd3 Bg4 7. h3 {C01: French: Exchange Variation} Bh5 8. O-O (8. g4 $5 {[%cal Rg4h5]} Bg6 9. O-O $14) 8... O-O (8... c6 9. Bf4 O-O 10. Re1 Nbd7 11. Bf5 Bg6 12. Qd3 Re8 13. Ne5 Bxf5 14. Qxf5 g6 15. Qd3 Nxe5 16. dxe5 {1-0 (70) Kosteniuk,A (2537)-Vo,T (2352) St Petersburg 2018}) 9. g4 Bg6 10. Bg5 Nbd7 11. Re1 c6 12. Ne5 Bxd3 13. Qxd3 Re8 14. Nxd7 $146 ({Predecessor:} 14. f4) 14... Nxd7 15. Bxe7 Rxe7 16. Re3 Nb6 17. Rae1 Rxe3 18. Qxe3 Kf8 19. b3 Qd7 20. Qf4 Rd8 21. a4 a5 22. Nd1 {[%cal Bc3d1,Bd1b2,Bb2d3][%mdl 32]} Nc8 23. Nb2 Qd6 24. Qe3 Qe7 {The position is equal.} 25. Qxe7+ Nxe7 26. Nd3 Nc8 27. f3 Nd6 28. Kf2 {Accuracy: White = 45%, Black = 59%.} 1/2-1/2

[Event "Saint Louis Invitational-A 2019"]
[Site "Saint Louis"]
[Date "2019.11.22"]
[Round "3.2"]
[White "Thavandiran, Shiyam"]
[Black "Mishra, Abhimanyu"]
[Result "1-0"]
[WhiteElo "2409"]
[BlackElo "2396"]
[Annotator "TA"]
[PlyCount "103"]
[EventDate "2019.11.21"]
[EventType "tourn"]
[EventCountry "USA"]
[SourceTitle "playchess.com"]
[Source "ChessBase"]
[SourceQuality "1"]

{[%evp 17,103,13,25,13,26,26,12,-5,21,20,25,4,27,13,27,22,34,33,47,13,17,11,22,25,28,25,36,-7,39,27,33,27,64,47,93,75,90,85,115,99,144,120,164,110,119,116,110,82,99,0,106,0,94,71,182,158,300,69,72,50,52,68,349,352,481,481,481,477,447,431,808,766,668,586,583,580,578,570,551,535,720,637,736,731,713,704,643,630]} 1. e4 c5 2. Nf3 e6 3. d4 cxd4 4. Nxd4 Nc6 5. Nb5 d6 6. c4 Nf6 7. N5c3 Be7 8. Be2 O-O 9. O-O a6 10. Bf4 {B44: Sicilian: Taimanov: 5 Nb5} b6 11. Re1 Bb7 12. Bf1 {The position is equal.} Qc7 13. Nd2 Ne5 14. Rc1 Rac8 15. Bg3 Rfd8 16. b4 Qb8 17. a3 Nfd7 $146 ({Predecessor:} 17... Ng6 18. f4 Nd7 19. Nf3 Bf6 20. f5 Nge5 21. fxe6 fxe6 {1-0 (73) Spraggett,K (2586)-Ivanov,J (2409) Seville 2010}) 18. Qb3 Bf6 19. Kh1 Nc6 20. Qd1 Nce5 21. f4 Ng6 22. Nf3 Bxc3 23. Rxc3 Nf6 24. f5 exf5 25. exf5 Bxf3 26. Rxf3 Ne5 {[%mdl 64] Double Attack} 27. Rf4 Qc7 28. Bh4 Qe7 29. Rd4 h6 {[#]} 30. h3 (30. Rd5 $1 $18 {[%mdl 512]}) 30... Kh7 $16 31. Re3 Rd7 32. Qa4 Ra7 33. Qd1 Rd7 34. Qa4 Ra7 35. Be2 Qd7 {[#]} (35... b5 $16 36. Qd1 (36. cxb5 axb5 37. Qxb5 Qc7 $14) 36... bxc4) 36. Qd1 $1 $36 {[%mdl 2048] Black must now prevent Rxe5! White is really pushing.} Qxf5 (36... Qc7 $16 {is a better defense.} 37. Bxf6 (37. Rxd6 Nxc4 38. Bxc4 Qxc4 $16) 37... gxf6) 37. Rxd6 $2 (37. g4 $18 Qg6 {[#]} 38. c5 $1 {[%mdl 512]} (38. Rxd6 Nxc4 39. Bd3 Nxe3 $11)) 37... Qf4 $1 $14 {[%cal Rf4e3]} 38. Qd4 Qxd4 39. Rxd4 Rd7 $2 {[%mdl 8192] [#]} ({Black should play} 39... Nfd7 $1 $14) 40. Bxf6 $1 $18 {[%mdl 512]} gxf6 41. Rxd7 {White is clearly winning.} Nxd7 42. Bg4 Rxc4 43. Bxd7 {[%mdl 4096] Endgame KRB-KR} Rd4 {[#]} (43... Kg7 $142 44. Rd3 Kf8) 44. Rd3 $3 {[%mdl 512]} Rf4 (44... Rxd3 45. Bf5+) 45. Rf3 Rd4 46. Bc8 a5 47. bxa5 bxa5 48. Rxf6 Rc4 49. Ba6 Rc3 50. Rxf7+ Kg6 51. Rf3 Rc5 52. Rb3 {Accuracy: White = 56%, Black = 29%.} 1-0

[Event "Saint Louis Invitational-A 2019"]
[Site "Saint Louis"]
[Date "2019.11.22"]
[Round "3.3"]
[White "Stremavicius, Titas"]
[Black "Hilby, Craig"]
[Result "1/2-1/2"]
[WhiteElo "2506"]
[BlackElo "2414"]
[Annotator "TA"]
[PlyCount "23"]
[EventDate "2019.11.21"]
[EventType "tourn"]
[EventCountry "USA"]
[SourceTitle "playchess.com"]
[Source "ChessBase"]
[SourceQuality "1"]

{[%evp 14,23,46,24,34,9,0,-15,-3,-15,25,28]} 1. c4 Na6 2. Nf3 g6 3. Nc3 Bg7 4. g3 Nf6 5. Bg2 O-O 6. O-O d5 7. d4 c5 8. dxc5 {[%cal Rc3d5]} dxc4 {D77: Fianchetto Grünfeld: 6 0-0: Replies other than 6...c6} 9. c6 Nb4 10. Qa4 (10. Ne5 Nxc6 11. Nxc6 bxc6 12. Qa4 Be6 13. Bxc6 Bd7 14. Bf4 Bxc6 15. Qxc6 Qc8 16. Qxc8 Rfxc8 {½-½ (107) Neiksans,A (2573)-Sulskis,S (2503) Tallinn 2018}) 10... Nxc6 11. Qxc4 h6 12. Be3 $146 ({Predecessor:} 12. Rd1 Qb6 13. Qb5 Qxb5 14. Nxb5 {1-0 (22) Cetkovsky,P (2118)-Hudecek,J (2310) Czechia 2010}) 1/2-1/2

[Event "Saint Louis Invitational-A 2019"]
[Site "Saint Louis"]
[Date "2019.11.22"]
[Round "3.4"]
[White "Kevlishvili, Robby"]
[Black "Abrahamyan, Tatev"]
[Result "1/2-1/2"]
[WhiteElo "2475"]
[BlackElo "2397"]
[Annotator "TA"]
[PlyCount "43"]
[EventDate "2019.11.21"]
[EventType "tourn"]
[EventCountry "USA"]
[SourceTitle "playchess.com"]
[Source "ChessBase"]
[SourceQuality "1"]

{[%evp 9,43,5,8,8,2,10,19,2,15,6,4,2,10,11,9,2,15,17,30,-24,-15,-31,0,-30,-22,-24,-18,-28,-23,-42,-49,-37,-50,-56,-16,-18]} 1. e4 e6 2. d4 d5 3. Nd2 c5 4. exd5 Qxd5 5. dxc5 Qxc5 6. Ne4 {C07: French Tarrasch: 3...c5, 4 Ngf3 and 4 exd5 Qxd5} Qb4+ 7. Nc3 Nf6 8. a3 Qa5 9. Bd3 Be7 $146 ({Predecessor:} 9... a6 10. Bf4 Nbd7 11. Nf3 Nh5 12. b4 Qd8 13. Be3 {1-0 (37) Karjakin,S (2769)-Giri,A (2714) Wijk aan Zee 2012}) 10. Nf3 O-O 11. O-O a6 12. Qe2 Nbd7 13. Bf4 b5 14. b4 (14. Be4 $142 Nxe4 15. Qxe4) 14... Qb6 $11 15. Rfb1 Qc6 16. Bd2 Bb7 17. a4 bxa4 18. Rxa4 Rfc8 19. b5 axb5 20. Bxb5 Qc7 $1 21. Rc4 Nc5 22. Bf4 {Accuracy: White = 39%, Black = 51%.} 1/2-1/2

[Event "Saint Louis Invitational-A 2019"]
[Site "Saint Louis"]
[Date "2019.11.22"]
[Round "3.5"]
[White "Zierk, Steven"]
[Black "Boros, Denes"]
[Result "1/2-1/2"]
[WhiteElo "2512"]
[BlackElo "2448"]
[Annotator "TA"]
[PlyCount "81"]
[EventDate "2019.11.21"]
[EventType "tourn"]
[EventCountry "USA"]
[SourceTitle "playchess.com"]
[Source "ChessBase"]
[SourceQuality "1"]

{[%evp 9,81,36,39,18,54,15,37,30,22,26,34,33,29,8,20,8,14,0,4,7,0,0,0,0,0,0,14,8,20,-23,0,0,0,0,0,0,0,-6,0,-20,-6,0,0,-6,0,0,0,0,0,0,0,0,0,0,0,0,0,-20,-20,-76,0,0,0,0,0,0,0,0,0,0,0,0,0,0]} 1. e4 d5 2. exd5 Qxd5 3. Nc3 Qd8 4. Bc4 Nf6 5. Nf3 a6 6. a4 {B01: Scandinavian Defence} (6. d4 {looks sharper.} e6 7. a4 Be7 8. O-O O-O 9. Be3) 6... Bf5 (6... Nc6 7. d4 Bg4 8. d5 Nb4 9. Bb3 c6 10. dxc6 Qxd1+ 11. Nxd1 Nxc6 12. c3 e6 13. Ne3 {½-½ (48) Solodovnichenko,Y (2572)-Bauer,C (2643) Brest 2019}) 7. O-O $146 {With the idea Ne5.} ({Predecessor:} 7. Ng5 e6 8. Qf3 Bg6 9. Qxb7 Nbd7 10. Bxe6 Bd6 11. Bxd7+ Nxd7 12. d3 Qe7+ 13. Be3 {1-0 (51) Al Hajiri,B (2112)-Chinasamy,D (1993) Batumi 2018}) 7... Nc6 8. d4 {White is slightly better.} Nb4 9. Bb3 e6 10. Re1 Be7 11. Ne5 {Threatens to win with g4.} c5 12. Ne2 O-O 13. c3 Nc6 $1 14. Ng3 cxd4 15. Nxf5 exf5 16. Nxc6 bxc6 17. cxd4 Bd6 18. Qf3 Qa5 {[%cal Ra5e1] [#]} 19. Bf4 Rfe8 20. Rxe8+ Rxe8 21. Bc4 Bxf4 22. Qxf4 g6 23. g3 Kg7 24. Qf3 Qb6 25. b3 a5 26. Rd1 Re4 27. d5 cxd5 28. Bxd5 Nxd5 29. Rxd5 $11 {[%mdl 4096] Endgame KQR-KQR} Qc6 30. Qd1 f4 31. Qa1+ ({Not} 31. Rxa5 $2 Qc3 $19) 31... Kh6 32. Re5 Rb4 33. Rxa5 Rxb3 34. Rb5 {[#]} (34. Qd1 $11 {remains equal.} Rb4 35. g4) 34... Rxb5 ({Black should try} 34... Rc3 $1 $17 {[%cal Rc3c1]} 35. Rb1 Qc5) 35. axb5 {The position is equal.} Qxb5 36. gxf4 $17 {KQ-KQ} Qf5 37. Qd4 Qg4+ 38. Kf1 Qf3 39. Qf6 Qd1+ 40. Kg2 Qg4+ 41. Kf1 {Accuracy: White = 50%, Black = 62%.} 1/2-1/2

[Event "Saint Louis Invitational-A 2019"]
[Site "Saint Louis"]
[Date "2019.11.23"]
[Round "4.1"]
[White "Matsenko, Sergei"]
[Black "Boros, Denes"]
[Result "1-0"]
[WhiteElo "2533"]
[BlackElo "2448"]
[Annotator "ChessBase"]
[PlyCount "79"]
[EventDate "2019.11.21"]
[EventType "tourn"]
[EventCountry "USA"]
[SourceTitle "playchess.com"]
[Source "ChessBase"]
[SourceQuality "1"]
[TimeControl "5400+30"]

1. Nf3 {[%emt 0:03:39]} c5 {[%emt 0:00:00]} 2. c4 {[%emt 0:00:04]} Nc6 {[%emt 0:00:01]} 3. e3 {[%emt 0:00:03]} e5 {[%emt 0:00:25]} 4. Nc3 {[%emt 0:00:02]} f5 {[%emt 0:00:07]} 5. d4 {[%emt 0:00:34]} e4 {[%emt 0:00:06]} 6. d5 {[%emt 0:01:07]} exf3 {[%emt 0:01:45]} 7. dxc6 {[%emt 0:00:17]} dxc6 {[%emt 0:00:05]} 8. Qxd8+ {[%emt 0:00:26]} Kxd8 {[%emt 0:00:03]} 9. gxf3 {[%emt 0:00:06]} Be6 {[%emt 0:00:52]} 10. b3 {[%emt 0:00:16]} Be7 {[%emt 0:01:01]} 11. Bb2 {[%emt 0:00:39]} Bf6 {[%emt 0:00:09]} 12. O-O-O+ {[%emt 0:03:45]} Ke7 {[%emt 0:00:40]} 13. Rg1 {[%emt 0:04:31]} Nh6 {[%emt 0:01:23]} 14. Na4 {[%emt 0:01:08]} b6 {[%emt 0:01:47]} 15. Rxg7+ {[%emt 0:06:59]} Bxg7 {[%emt 0:01:21]} 16. Bxg7 {[%emt 0:00:01]} Nf7 {[%emt 0:00:09]} 17. Bxh8 {[%emt 0:00:03]} Rxh8 {[%emt 0:00:05]} 18. f4 {[%emt 0:11:55]} Rg8 {[%emt 0:00:04]} 19. f3 {[%emt 0:06:24]} Rg6 {[%emt 0:01:09]} 20. Nc3 {[%emt 0:02:22]} Nd6 {[%emt 0:00:36]} 21. Kc2 {[%emt 0:02:13]} Rh6 {[%emt 0:00:17]} 22. Rd2 {[%emt 0:00:04]} Bf7 {[%emt 0:00:14]} 23. Rg2 {[%emt 0:01:37]} Bg6 {[%emt 0:03:06]} 24. Kd2 {[%emt 0:04:55]} Rh4 {[%emt 0:00:44]} 25. Ke1 {[%emt 0:02:34]} Ne8 {[%emt 0:02:45]} 26. Kf2 {[%emt 0:00:43]} Nf6 {[%emt 0:00:05]} 27. Kg1 {[%emt 0:00:45]} Ne8 {[%emt 0:00:27]} 28. Rg3 {[%emt 0:00:39]} Nd6 {[%emt 0:00:20]} 29. Kg2 {[%emt 0:08:39]} Ne8 {[%emt 0:03:06]} 30. Rh3 {[%emt 0:03:15]} Rxh3 {[%emt 0:02:49]} 31. Kxh3 {[%emt 0:00:17]} Nc7 {[%emt 0:00:30]} 32. Kg3 {[%emt 0:00:24]} Kf6 {[%emt 0:01:11]} 33. Bd3 {[%emt 0:00:11]} Ne6 {[%emt 0:01:16]} 34. Kf2 {[%emt 0:00:07]} h6 {[%emt 0:05:17]} 35. Ne2 {[%emt 0:00:32]} a6 {[%emt 0:07:38]} 36. e4 {[%emt 0:09:57]} Bh7 {[%emt 0:02:19]} 37. Ke3 {[%emt 0:00:06]} Ng7 {[%emt 0:00:26]} 38. Ng3 {[%emt 0:01:11]} b5 {[%emt 0:00:37]} 39. exf5 {[%emt 0:03:31]} Nxf5+ {[%emt 0:00:02]} 40. Bxf5 {[%emt 0:02:13]} 1-0

[Event "Saint Louis Invitational-A 2019"]
[Site "Saint Louis"]
[Date "2019.11.23"]
[Round "4.2"]
[White "Abrahamyan, Tatev"]
[Black "Zierk, Steven"]
[Result "0-1"]
[WhiteElo "2397"]
[BlackElo "2512"]
[Annotator "TA"]
[PlyCount "64"]
[EventDate "2019.11.21"]
[EventType "tourn"]
[EventCountry "USA"]
[SourceTitle "playchess.com"]
[Source "ChessBase"]
[SourceQuality "1"]

{[%evp 10,68,26,18,24,41,22,0,0,-8,4,13,8,10,24,0,0,-5,-27,-27,-6,-8,0,0,-3,-10,-10,-33,-4,-14,0,0,0,0,0,0,56,56,68,99,95,0,0,0,0,0,191,0,0,64,54,-465,-439,-318,205,-29994,-29995,-29995,-29996,-29996,-29997]} 1. e4 e6 2. d4 d5 3. Nc3 Bb4 4. exd5 exd5 5. Bd3 Ne7 6. Qf3 O-O {C01: French: Exchange Variation} (6... Nbc6 7. Nge2 Be6 8. Qg3 O-O 9. Bf4 Ba5 10. Bh6 Ng6 11. Bg5 f6 12. Bd2 Qd7 13. Nd1 Bxd2+ 14. Kxd2 Nge7 {0-1 (36) Bromann,T (2396)-Nikolic,P (2576) Germany 2018}) 7. Nge2 c6 8. O-O (8. h4 {looks sharper.} c5 9. dxc5 Nbc6 10. a3 Bxc5 11. Bf4) 8... Ng6 {The position is equal.} 9. Ng3 Qh4 $146 ({Predecessor:} 9... Be6 10. Nce2 Nd7 11. Nf5 Nh4 12. Nxh4 Qxh4 13. Bf4 Bg4 14. Qg3 {½-½ (21) Dettmann,G (2095)-Blanck,M (1972) Mecklenburg VP 2009}) 10. Nce2 Bg4 11. Qe3 Bxe2 (11... Nd7 {is interesting.} 12. c3 Rfe8 13. Qg5 Qxg5 14. Bxg5 Bd6) 12. Nf5 Bxf1 13. Nxh4 Bxd3 14. Qxd3 Nxh4 15. Qb3 a5 {With the idea ...b5.} 16. c3 Bd6 $1 17. Qxb7 Ra6 18. Bd2 Ng6 19. Re1 {[%cal Ba1e1,Be1e6,Be6d6][%mdl 32]} Rd8 20. Bg5 f6 21. Re6 {Threatens to win with Rxd6!} c5 22. g3 $1 Nf8 {[#]} (22... fxg5 $11 23. Qxd5 Kf8 24. Qf5+ Kg8) 23. Rxd6 $1 $14 {[%mdl 512]} Rdxd6 (23... Raxd6 24. Bf4) 24. Bf4 $1 $40 {[%cal Rf4d6][%mdl 128] White wants a kill.} Rab6 {[#]} 25. Qa7 (25. Qa8 $1 $16 Rd7 26. dxc5 Rxb2 27. c6 Nxc6 28. Qxc6) 25... Re6 $1 $11 26. dxc5 Rxb2 27. Bxb8 Re1+ ({Much worse is} 27... Rxa2 $6 28. Bd6 $16) ({Black should try} 27... d4 $11 28. cxd4 Re1+ 29. Kg2 Ree2) 28. Kg2 $14 {And now c6 would win.} Ree2 $1 {[%cal Re2f2]} 29. c6 d4 $1 30. g4 $2 {[%mdl 8192]} (30. Kh3 $14 {keeps the upper hand.} Rxf2 31. Qxd4 Rxh2+ 32. Kg4 h5+ 33. Kf3 Rxb8 34. Qd5+ Kh7 35. c7) 30... Rxf2+ $19 31. Kg3 {Hoping for c7.} Rfc2 $4 {[%mdl 8192]} ({Don't blunder} 31... Rxh2 $2 32. c7 $16) ({Not} 31... Rxa2 $2 32. Bd6 $18 (32. Qxd4 Ne6 $18)) (31... Ne6 $19 {avoids the disaster. ( -> ...Ng5)} 32. Qa8 Rfc2 33. Be5+ {[#]} Kf7 $1 {[%mdl 512]} 34. Bxd4 Rxh2 35. Qa7+ Kg6) 32. c7 $4 {[%mdl 8192]} (32. Qxd4 $18 Rxb8 33. c7) 32... Rxc3+ 0-1

[Event "Saint Louis Invitational-A 2019"]
[Site "Saint Louis"]
[Date "2019.11.23"]
[Round "4.3"]
[White "Hilby, Craig"]
[Black "Kevlishvili, Robby"]
[Result "1/2-1/2"]
[WhiteElo "2414"]
[BlackElo "2475"]
[Annotator "TA"]
[PlyCount "79"]
[EventDate "2019.11.21"]
[EventType "tourn"]
[EventCountry "USA"]
[SourceTitle "playchess.com"]
[Source "ChessBase"]
[SourceQuality "1"]

{[%evp 9,79,-61,-48,-47,-38,-44,-47,-62,-58,-52,-51,-71,-53,-46,-69,-70,-66,-53,-71,-87,-78,-88,-85,-85,-82,-86,-85,-116,-86,-81,-83,-84,-73,-64,-69,-68,-44,-37,-37,-43,-9,-11,-15,-14,0,0,0,0,0,0,0,0,0,0,0,0,0,-7,0,-18,0,0,0,-1,0,0,0,0,0,0,0,0]} 1. d4 d5 2. c4 c6 3. Nf3 Nf6 4. Nc3 e6 5. g4 (5. g3 dxc4 6. Ne5 Nbd7 7. Nxc4 b5 8. Ne5 Nxe5 9. dxe5 Qxd1+ 10. Kxd1 Nd5 11. Ne4 Bb7 12. Bg2 c5 13. Bd2 Be7 {½-½ (34) Carlsen,M (2882)-Ding,L (2805) Saint Louis 2019}) 5... Nxg4 6. Rg1 {D43: Semi-Slav: 5 Bg5 h6} Nf6 7. Qd3 dxc4 $146 ({Predecessor:} 7... Nbd7 8. Ng5 dxc4 9. Qxc4 Qc7 10. Nf3 a6 {½-½ (40) Nestianu,R (2227)-Hayes,M (2067) ICCF email 2008}) 8. Qxc4 {Black is slightly better.} b5 9. Qd3 Bb7 10. e4 b4 11. Na4 Nbd7 12. Bg5 Qa5 13. b3 c5 14. Ne5 Bxe4 15. Qb5 Qxb5 16. Bxb5 {[#] Threatens to win with Bxf6.} Rb8 17. Nxd7 Nxd7 ({Not} 17... Rxb5 $2 18. Nxf6+ gxf6 19. Bxf6 $18) 18. Bxd7+ Kxd7 19. Nxc5+ Bxc5 20. dxc5 Rhg8 21. a3 bxa3 22. Rxa3 Kc6 23. Bf4 Rb7 24. Bd6 Bd3 25. Kd2 {The position is equal.} Bb5 26. b4 f6 27. f4 g5 28. fxg5 Rxg5 29. Rxg5 fxg5 $11 {[%mdl 4096] Endgame KRB-KRB} 30. Re3 Bc4 31. Kc3 Bd5 32. Rg3 h6 33. Bf8 Rh7 34. Kd4 Rf7 35. Bxh6 Rf4+ 36. Ke5 Re4+ 37. Kf6 g4 38. Ra3 Rxb4 39. Rxa7 Rb2 40. Bf4 {Accuracy: White = 88%, Black = 69%.} 1/2-1/2

[Event "Saint Louis Invitational-A 2019"]
[Site "Saint Louis"]
[Date "2019.11.23"]
[Round "4.4"]
[White "Mishra, Abhimanyu"]
[Black "Stremavicius, Titas"]
[Result "1/2-1/2"]
[WhiteElo "2396"]
[BlackElo "2506"]
[Annotator "TA"]
[PlyCount "84"]
[EventDate "2019.11.21"]
[EventType "tourn"]
[EventCountry "USA"]
[SourceTitle "playchess.com"]
[Source "ChessBase"]
[SourceQuality "1"]

{[%evp 23,84,35,38,22,17,15,23,4,16,4,2,6,4,2,2,0,2,0,6,0,0,0,0,0,0,0,0,0,0,0,-1,-1,-1,-6,0,0,0,0,0,-10,-2,-6,0,0,0,0,0,-32,0,0,0,0,0,0,0,0,0,-8,0,0,0,0,0]} 1. e4 c5 2. Nf3 Nc6 3. d4 cxd4 4. Nxd4 Nf6 5. Nc3 e6 6. Ndb5 Bb4 7. a3 Bxc3+ 8. Nxc3 d5 9. exd5 exd5 10. Bd3 O-O 11. O-O d4 12. Ne2 Bg4 13. h3 {B45: Sicilian Four Knights} (13. Bg5 h6 14. Bh4 Bxe2 15. Qxe2 Re8 16. Qf3 Ne5 17. Qxb7 Nxd3 18. cxd3 Qd5 19. Qxd5 Nxd5 20. Bg3 Re2 21. Rab1 {1-0 (46) Dominguez Perez,L (2739)-Lenderman,A (2637) Saint Louis 2019}) 13... Bxe2 14. Qxe2 Re8 15. Qf3 {White has an edge.} Qb6 16. Bg5 Ne5 17. Qg3 Nxd3 18. Bxf6 Qxf6 19. Qxd3 {[#]} g6 $146 ({Predecessor:} 19... Rac8 20. Rfe1 {½-½ (38) Horvath,A (2539)-Tregubov,P (2607) Bastia 2014}) 20. Rfe1 Rac8 21. Rad1 Rxe1+ 22. Rxe1 $11 {[%mdl 4096] Endgame KQR-KQR} Qb6 23. b3 Rc3 24. Qd2 Qc5 25. Re8+ (25. Qh6 {seems wilder.} Qf8 26. Qd2 Qc5) 25... Kg7 26. Rd8 Rxc2 27. Qxd4+ Qxd4 28. Rxd4 {KR-KR} Rc1+ 29. Kh2 Rc7 30. Rd3 Kf6 31. Re3 Rc5 32. Kg3 Re5 33. Kf3 Rxe3+ 34. Kxe3 {KP-KP} Ke5 35. Kd3 Kd5 36. h4 {The position is equal.} h6 37. Ke3 b5 38. Kd3 f6 39. Ke3 Ke5 40. g3 g5 41. hxg5 hxg5 42. g4 Kd5 {Accuracy: White = 65%, Black = 49%.} 1/2-1/2

[Event "Saint Louis Invitational-A 2019"]
[Site "Saint Louis"]
[Date "2019.11.23"]
[Round "4.5"]
[White "Yoo, Christopher Woojin"]
[Black "Thavandiran, Shiyam"]
[Result "1-0"]
[WhiteElo "2449"]
[BlackElo "2409"]
[Annotator "TA"]
[PlyCount "57"]
[EventDate "2019.11.21"]
[EventType "tourn"]
[EventCountry "USA"]
[SourceTitle "playchess.com"]
[Source "ChessBase"]
[SourceQuality "1"]

{[%evp 18,57,33,37,33,24,62,52,62,48,27,8,11,7,3,0,0,13,63,79,85,87,81,82,93,81,94,79,84,60,63,60,43,30,119,116,135,139,159,157,210,210]} 1. e4 c6 2. Nc3 d5 3. Nf3 dxe4 4. Nxe4 Nf6 5. Qe2 Nxe4 6. Qxe4 Nd7 7. Bc4 Nf6 8. Qe2 e6 9. d4 Be7 10. O-O O-O {B17: Caro-Kann: Modern Line (4...Nd7)} ({Predecessor:} 10... b5 11. Bd3 Bb7 12. Rd1 {½-½ (11) Jovanovic,Z (2169)-Radivojevic,M (2221) Belgrade 2019}) 11. Rd1 $146 (11. Bf4 b6 12. Rfe1 Nd5 13. Be5 Bb7 14. Rad1 Bd6 15. Bd3 Bxe5 16. dxe5 Qe7 17. Qe4 g6 18. a3 c5 19. Qg4 {½-½ (37) Guseinov,G (2659)-Arun Prasad,S (2552) Dubai 2009}) 11... b5 12. Bd3 Bb7 {White is slightly better.} 13. Ne5 Qd5 14. Ng4 Nxg4 15. Qxg4 c5 16. dxc5 Qxc5 17. Bh6 $36 {[%csl Gh6][%cal Rg4g7][%mdl 2048] [#] Black is under pressure.} Bf6 18. Qh3 g6 19. Bxf8 Rxf8 20. c3 b4 21. cxb4 Qxb4 22. a3 (22. Rab1 {feels hotter.} Qa4 23. Be2 Qxa2 24. Qa3 Bd5 25. Bf3) 22... Qb3 23. Bf1 (23. Rab1 {is more complex.} Kg7 24. Qe3 Rd8 25. Be2 Rxd1+ 26. Bxd1 Qd5 27. Bf3) 23... Qxh3 24. gxh3 Bd5 25. Rab1 Ba2 (25... Bb3 $1 $11) 26. Rbc1 $16 Bxb2 27. Rc7 {White is clearly better.} Be5 28. Rxa7 Rb8 (28... Bb3 $16 29. Rd3 Bc2) 29. a4 {Accuracy: White = 69%, Black = 64%.} 1-0